| Поле | Инд. | ПП | Название | Значение |
|---|---|---|---|---|
| Тип записи | a | |||
| Библиографический уровень | b | |||
| 001 | Контрольный номер | UNIDUBNAdff972772b324923a8c617580f5c79fb | ||
| 005 | Дата корректировки | 20230914173959.7 | ||
| 008 | Кодируемые данные | 20170331 | ||
| 040 | b | Код языка каталог. | rus | |
| e | Правила каталог. | PSBO | ||
| 041 | 0_ | a | Код языка текста | rus |
| 084 | a | Индекс другой классификации/Индекс ББК | 88.945 | |
| 100 | 1_ | a | Автор | Сидорова Е. Г. |
| 100 | 1_ | a | Автор | Магсумова Х. Н. |
| 245 | 10 | a | Заглавие | Психологические методики как составляющая часть комплексного подхода в реабилитации получателей социальных услуг |
| 520 | 0_ | a | Аннотация | Наиболее продуктивным, дающим ощутимые результаты, считается комплексный интегративный подход в психологической реабилитации... |
| 650 | 14 | a | Основная рубрика | практическая психология (прикладная психология) |
| a | Основная рубрика | психология | ||
| a | Основная рубрика | психотерапия | ||
| 653 | 0_ | a | Ключевые слова | библиотерапия |
| a | Ключевые слова | биологическая обратная связь (БОС) | ||
| a | Ключевые слова | валидизация методик | ||
| a | Ключевые слова | гештальттерапия | ||
| a | Ключевые слова | когнитивная психотерапия | ||
| a | Ключевые слова | когнитивно-поведенческая терапия | ||
| a | Ключевые слова | комплексное сопровождение | ||
| a | Ключевые слова | коррекционно-реабилитационные технологии | ||
| a | Ключевые слова | медитация | ||
| a | Ключевые слова | метод биологической обратной связи | ||
| a | Ключевые слова | метод метафоры | ||
| a | Ключевые слова | нейротренинг (нейробика) | ||
| a | Ключевые слова | психокоррекционные методики | ||
| a | Ключевые слова | психологические тренинги | ||
| a | Ключевые слова | психологическое сопровождение | ||
| a | Ключевые слова | психотерапевтические методы | ||
| a | Ключевые слова | реабилитационные центры | ||
| a | Ключевые слова | религиозная психотерапия | ||
| a | Ключевые слова | социально-психологическое сопровождение | ||
| 773 | 08 | t | Заглавие источника | Работник социальной службы |
| d | Дата издания источника | 2022 | ||
| g | Прочая информация | № 11. - С. 54 - 60 | ||
| w | Контрольный № источника | UNIDUBNA8bd8192dbad048689c2ba491c1c5a80b | ||
| 901 | t | Тип документа | b |